Sports Quiz

Random Sports or NBA Quiz

NBA Draft Lottery Picks Quiz Stats

Quiz Updated Jun 22, 2017

Challenge
Share
Tweet
Embed
Score 0/274 Timer 20:00
27 Plays Today
Year Player % Correct
2003LeBron James
92.8%
2017Lonzo Ball
87.5%
2003Dwyane Wade
86.4%
2003Carmelo Anthony
85.4%
2017Markelle Fultz
85.3%
2007Kevin Durant
83.3%
2009Stephen Curry
81.4%
2001Eddy Curry
81.1%
2003Chris Bosh
80.5%
2017Josh Jackson
80.3%
2011Kyrie Irving
80%
2012Anthony Davis
79.6%
2016Ben Simmons
79.1%
2010John Wall
79.1%
2015Karl-Anthony Towns
78.7%
2017Jayson Tatum
78.6%
1999Baron Davis
78.1%
2010Ed Davis
78.1%
2005Deron Williams
78%
2011Derrick Williams
78%
2002Jay Williams
78%
2008Russell Westbrook
78%
2005Marvin Williams
78%
1998Jason Williams
77.9%
2006Shelden Williams
77.9%
2009Terrence Williams
77.9%
2001Kwame Brown
77.8%
2014Andrew Wiggins
77.6%
2001Kedrick Brown
77.6%
2008Derrick Rose
77.4%
2017Dennis Smith
76.5%
2009Blake Griffin
76.2%
2004Dwight Howard
76.1%
2001Eddie Griffin
75.9%
2005Chris Paul
75.5%
2010Wesley Johnson
75.1%
2001Joe Johnson
75.1%
2000DerMarr Johnson
75%
2016Jaylen Brown
74.4%
2007Greg Oden
74.3%
2004Luke Jackson
74.2%
1998Vince Carter
72.7%
2011Klay Thompson
71.9%
2011Tristan Thompson
71.8%
2008Jason Thompson
71.6%
2013Anthony Bennett
71.3%
2014Jabari Parker
70.3%
2004Emeka Okafor
69.6%
2015Stanley Johnson
69.4%
2017De'Aaron Fox
69%
2008Kevin Love
68.5%
2015D'Angelo Russell
68%
2015Jahlil Okafor
67.8%
2009James Harden
67.5%
2014Joel Embiid
67.3%
1998Paul Pierce
66.7%
2010DeMarcus Cousins
66.4%
2003Darko Milicic
66.3%
1998Dirk Nowitzki
65.2%
2002Yao Ming
65.2%
2001Pau Gasol
63.7%
2016Brandon Ingram
62.8%
2004Ben Gordon
62.6%
2008Eric Gordon
62.6%
2007Jeff Green
62.2%
2009Ricky Rubio
62.1%
2015Kristaps Porziņģis
62.1%
2012Damian Lillard
61.9%
2005Andrew Bogut
61.7%
2011Kemba Walker
61.6%
2006Tyrus Thomas
61.4%
2000Etan Thomas
61.3%
2012Bradley Beal
60.8%
2014Aaron Gordon
59.1%
2007Al Horford
59%
1999Elton Brand
58.6%
2006LaMarcus Aldridge
58.3%
2009Jordan Hill
58.3%
2013Victor Oladipo
57.2%
2000Kenyon Martin
57.2%
2012Meyers Leonard
57.1%
2007Joakim Noah
57.1%
2006Andrea Bargnani
56.9%
2001Tyson Chandler
55.8%
2010Paul George
55.3%
2000Mike Miller
54.1%
1999Andre Miller
54%
2009DeMar DeRozan
53.3%
2011Markieff Morris
53.1%
2011Marcus Morris
53.1%
2015Devin Booker
52.9%
2010Evan Turner
52.5%
Year Player % Correct
2005Sean May
51.6%
2002Amar'e Stoudemire
51.6%
2007Mike Conley
51%
2012Michael Kidd-Gilchrist
50.9%
2009Tyreke Evans
50.9%
2001Richard Jefferson
50.9%
2008Brook Lopez
50.6%
2017Malik Monk
50.6%
2013Otto Porter
50.5%
2008Michael Beasley
50%
2012Thomas Robinson
49.6%
2013Nerlens Noel
49.4%
2015Myles Turner
49.2%
2002Caron Butler
48.9%
1998Antawn Jamison
48.3%
2006Brandon Roy
48.1%
2012Andre Drummond
48.1%
2010Gordon Hayward
47.7%
2004Devin Harris
47.4%
2009Jonny Flynn
46.8%
2013C.J. McCollum
46.5%
1998Michael Olowokandi
46.2%
2008O.J. Mayo
46.2%
1999Richard Hamilton
46%
2004Andre Iguodala
45.9%
2009Hasheem Thabeet
45.8%
2006Rudy Gay
45.7%
2008Anthony Randolph
45.4%
2017Zach Collins
45.3%
1999Steve Francis
45.2%
2006J.J. Redick
44.7%
2017Lauri Markkanen
44.5%
1998Mike Bibby
44.4%
2006Adam Morrison
44.4%
2003Kirk Hinrich
44.4%
2001Jason Richardson
44.2%
2014Julius Randle
44.1%
2016Dragan Bender
44.1%
2013Cody Zeller
43.9%
2017Jonathan Isaac
43.7%
2005Raymond Felton
43.4%
2013Michael Carter-Williams
43.4%
2012Harrison Barnes
43.3%
2014Elfrid Payton
43.1%
2007Thaddeus Young
43.1%
2004Luol Deng
42.9%
1999Lamar Odom
42.7%
2016Kris Dunn
42.3%
2017Frank Ntilikina
42.2%
2014Zach LaVine
42.1%
2014Marcus Smart
41.9%
2010Derrick Favors
41.7%
2011Enes Kanter
41.5%
2013Steven Adams
41.2%
2000Jamal Crawford
41%
2014Dario Šarić
40.9%
2003Nick Collison
40.6%
2017Donovan Mitchell
40.5%
2012Dion Waiters
40.4%
1999Shawn Marion
40%
1999Jonathan Bender
39.8%
2013Alex Len
39.6%
2001Rodney White
39.5%
2009Brandon Jennings
39.5%
2010Greg Monroe
39.4%
2007Corey Brewer
39.4%
2006Ronnie Brewer
39.3%
2011Brandon Knight
39.3%
1999Jason Terry
39.1%
2016Jamal Murray
37.8%
2016Buddy Hield
37.8%
2000Darius Miles
37.1%
2003Chris Kaman
36.8%
2007Acie Law
36.2%
2017Luke Kennard
36.1%
2001Shane Battier
36%
2002Mike Dunleavy
36%
2000Stromile Swift
36%
2004Robert Swift
36%
2013Trey Burke
35.9%
2002Nenê
35.8%
2005Andrew Bynum
35.8%
2014Dante Exum
35.7%
2008Danilo Gallinari
35.7%
2015Justise Winslow
35.6%
2015Willie Cauley-Stein
35.1%
2011Jimmer Fredette
35.1%
2015Emmanuel Mudiay
35%
2013Kentavious Caldwell-Pope
34.8%
2012Terrence Ross
33.5%
2003T.J. Ford
33.4%
2011Jonas Valančiūnas
33.2%
Year Player % Correct
2004Shaun Livingston
32.8%
2007Brandan Wright
32.6%
2016Marquese Chriss
32.6%
2007Julian Wright
32.6%
2015Mario Hezonja
32.1%
2015Frank Kaminsky
32%
2017Bam Adebayo
32%
2013Ben McLemore
31.9%
2012Austin Rivers
31.7%
2009Tyler Hansbrough
31.6%
2016Taurean Prince
31.5%
2006Randy Foye
31.1%
1999Corey Maggette
30.8%
2013Kelly Olynyk
30%
2009Earl Clark
29.6%
1998Keon Clark
29.6%
2010Patrick Patterson
29%
1998Robert Traylor
29%
2014Nik Stauskas
28.9%
2014Doug McDermott
28.8%
2009Gerald Henderson
28.7%
2002Drew Gooden
28.6%
2016Thon Maker
28.2%
2011Bismack Biyombo
27.9%
2011Jan Veselý
27.3%
2010Al-Farouq Aminu
27.1%
2011Alec Burks
27%
2008D.J. Augustin
27%
2005Channing Frye
27%
1998Larry Hughes
26.9%
2012Jeremy Lamb
26.6%
2012John Henson
26.3%
2007Yi Jianlian
25.8%
1998Raef LaFrentz
25.6%
2016Domantas Sabonis
25.5%
2000Marcus Fizer
25.3%
2008Joe Alexander
25.2%
2015Trey Lyles
25.2%
2000Courtney Alexander
25.1%
2005Rashad McCants
25%
2013Shabazz Muhammad
24.9%
2012Kendall Marshall
24.7%
2014Noah Vonleh
24.4%
2007Spencer Hawes
23.9%
2003Jarvis Hayes
23%
2014T.J. Warren
22.9%
2005Charlie Villanueva
22.8%
2015Cameron Payne
22.8%
2016Denzel Valentine
22.8%
2010Ekpe Udoh
22.3%
2004Sebastian Telfair
21.5%
1999Wally Szczerbiak
21.5%
2007Al Thornton
21.5%
2002Chris Wilcox
21%
1998Bonzi Wells
21%
2004Josh Childress
20.9%
2008Brandon Rush
20.7%
2001DeSagana Diop
20.7%
2003Michael Sweetney
20.5%
2004Kris Humphries
20.1%
2002Dajuan Wagner
19.9%
2008Jerryd Bayless
19.7%
2006Hilton Armstrong
19.7%
2010Xavier Henry
19.6%
2010Cole Aldrich
19.6%
2005Martell Webster
19.5%
2004Andris Biedriņš
19.3%
2000Chris Mihm
19.3%
2006Thabo Sefolosha
18.8%
1999Trajan Langdon
18.6%
2006Patrick O'Bryant
18.5%
2002Jared Jeffries
18.5%
2016Georgios Papagiannis
18.5%
2016Jakob Pöltl
18.5%
2005Fran Vázquez
18.4%
2006Mouhamed Sene
18.1%
2003Mickaël Piétrus
18.1%
2002Nikoloz Tskitishvili
17.9%
2004Rafael Araújo
17.2%
2000Keyon Dooling
16.1%
2003Marcus Banks
16.1%
2005Ike Diogu
16.1%
2001Vladimir Radmanovic
15.7%
1998Michael Doleac
15.5%
2000Joel Przybilla
14.4%
2002Melvin Ely
14%
2000Jérome Moïso
13.3%
2002Marcus Haislip
12.7%
2005Yaroslav Korolev
12.3%
1999Aleksandar Radojevic
11.7%

You're not logged in!

Compare scores with friends on all Sporcle quizzes.
Join for Free
OR
Log In

You Might Also Like...

Show Comments

Extras

Top Quizzes Today


Score Distribution

Your Account Isn't Verified!

In order to create a playlist on Sporcle, you need to verify the email address you used during registration. Go to your Sporcle Settings to finish the process.

Report this User

Report this user for behavior that violates our Community Guidelines.

Details: